LEADER 00975nam a2200217 i 4500 001 000000078183 003 CaOOAMICUS 005 20170103000000.0 008 170103s1895 it u000 u ita u 013 $a50420 040 $aSeMil$bita 100 1 $aCorbella, Pompeo.$0(OLS)http://semarc/name/90990 245 10$aMemorie di Agliate e della sua antichissima basilica /$csac. cav. Pompeo Corbella. 260 $aMilano :$bGiacomo Agnelli,$c1895. 300 $aVIII, 116 p. :$bill. ;$c21 cm. 650 4$aCarate Brianza - Agliate.$0(OLS)http://semarc/subject/5652 650 4$aCarate Brianza - Agliate - Basilica dei Santi Pietro e Paolo - Battistero.$0(OLS)http://semarc/subject/45110 850 $aSeMil 852 $aSeMil$W1$xVenegono$y1$m3O II 8 FA$j44152$B44152$CSeMilBibl$Z2$F45779 $8I 996 $6245$aMemorie di Agliate e della sua antichissima basilica$9(OLS)http://semarc/title/402838 996 $6260$aMilano :$bGiacomo Agnelli$9(OLS)http://semarc/publisher/31323 LEADER 01434nam a2200289 i 4500 001 000000060061 003 CaOOAMICUS 005 20260416103418.0 008 150504s1781 fr u000 u fre u 013 $a31233 026 $aS.T, a.e, ntux emne (3) 1781 (R) 040 $aSeMil$bita 100 1 $aGiroust, Jacques,$c.$0(OLS)http://semarc/name/14670 245 10$aSermons pour l'avent, par le p. Giroust, de la Compagnie de Jésus. 250 $aNouvelle édition, revue et augmentée. 264 1$aA Toulouse :$bChez Sens, Libraire, vis-à-vis l'Église St. Rome ;$aA Nismes :$bChez Gaude, père, fils & Compagnie,$c1781. 300 $aVIII, 614, [2] p. ;$c12°. 500 $aSegn.: pg2 2 A-2B12 2C8. 650 4$aPrediche, omelie, sermoni - Sec. 18.-19.$0(OLS)http://semarc/subject/5107 700 0 $aGaude,$c.$0(OLS)http://semarc/name/14903 700 0 $aSens,$c.$0(OLS)http://semarc/name/14671 850 $aSeMil 852 $aSeMil$W1$xVenegono$y1$m3F I 127 FA$j26214$B26214$CSeMilBibl$Z2$F26217 $8I 996 $6245$aSermons pour l'avent, par le p. Giroust, de la Compagnie de Jésus$9(OLS)http://semarc/title/94040 996 $6264$aA Toulouse :$bChez Sens, Libraire, vis-à-vis l'Église St. Rome$9(OLS)http://semarc/publisher/39031 996 $6264$aA Nismes :$bChez Gaude, père, fils & Compagnie$9(OLS)http://semarc/publisher/39032